000 00580nam a2200217Ia 4500
005 20241129115836.0
008 241129s9999||||xx |||||||||||||| ||und||
020 _a9781032113159
037 _aTB
040 _aSDCL
_beng
_cSDCL
041 _aeng
_2eng
084 _aS:86:f3, R3
_qSDCL
100 _aMartin Mathew R.
_9591271
245 0 _aPsychoanalysis and literary theory : An introduction
260 _aLondon
_bRoutledge
_c2023
300 _a246p.
365 _aGBP
_b34.99
650 _aEnglish
942 _cTB
_hS:86:f3, R3
999 _c1232252
_d1232252